Great Literature #34 - Statistics

General Stats
  • This quiz has been taken 126 times
  • The average score is 11 of 20
Answer Stats
Hint Explanation Answer % Correct
Harry Potter and the Chamber of Secrets 1998 J. K. Rowling
100%
The Godfather 1969 Mario Puzo
90%
Ivanhoe 1820 Sir Walter Scott
88%
The Hunger Games 2008 Suzanne Collins
87%
East of Eden 1952 John Steinbeck
86%
The Cherry Orchard 1904 (Вишнёвый сад) Anton Chekhov
81%
Eugene Onegin 1825-1832 (Евгений Онегин, роман в стихах) Alexander Pushkin
71%
Corpus Aristotelicum 4th century BCE Aristotle
67%
The Bluest Eye 1970 Toni Morrison
60%
Ramayana c.7th century BCE–3rd century CE (रामायणम्) Valmiki
59%
Babbitt 1922 Sinclair Lewis
54%
The Birds 414 BCE Aristophanes
38%
The Hours 1998 Michael Cunningham
37%
The Lover 1984 (L'Amant) Marguerite Duras
35%
A Fine Balance 1995 Rohinton Mistry
32%
A Thousand Acres 1991 Jane Smiley
28%
A Hero of Our Time 1840 Mikhail Lermontov
26%
The Old Wives’ Tale 1908 Arnold Bennett
21%
Loving 1945 Henry Green
19%
The Private Memoirs and Confessions of a Justified Sinner 1824 James Hogg
19%
No matching quizzes found
Score Distribution
Percent of People with Each Score
Percentile by Number Answered
Your Score History
You have not taken this quiz